000 00299nam a22001217a 4500
008 260424b |||||||| |||| 00| 0 eng d
082 _a001345
100 _aShastri, Jagadishlal
245 _aKumarasambhava Mahakavyam
260 _aDelhi
_bMotilal Banarasidass
_c2021
300 _a326p
942 _2ddc
999 _c1328
_d1328